Central Library OPAC University of Rajshahi

Projective techniques and cross-cultural research / (Record no. 66280)

MARC details
000 -LEADER
fixed length control field 00740nam a2200241 a 4500
001 - CONTROL NUMBER
control field 66280
003 - CONTROL NUMBER IDENTIFIER
rucl marc code BD-RjUL
005 - DATE AND TIME OF LATEST TRANSACTION
control field 20211209081523.0
008 - FIXED-LENGTH DATA ELEMENTS--GENERAL INFORMATION
fixed length control field 170315s1961 nyu b 001 0 eng
035 ## - SYSTEM CONTROL NUMBER
System control number (BD-RjUL)66410
040 ## - CATALOGING SOURCE
Original cataloging agency DLC
Transcribing agency ODaWU
Modifying agency OCoLC
-- DLC
-- BD-RjUL
Language of cataloging eng
041 ## - LANGUAGE CODE
Language code of text/sound track or separate title eng
082 ## - DEWEY DECIMAL CLASSIFICATION NUMBER
Edition number 23
Classification number 155.284
Author mark and year LIP 1961
100 1# - MAIN ENTRY--PERSONAL NAME
Personal name Lindzey, Gardner.
9 (RLIN) 196170
245 10 - TITLE STATEMENT
Title Projective techniques and cross-cultural research /
Statement of responsibility, etc. Gardner Lindzey.
260 ## - PUBLICATION, DISTRIBUTION, ETC. (IMPRINT)
Place of publication, distribution, etc. New York :
Name of publisher, distributor, etc. Appleton-Century-Crofts,
Date of publication, distribution, etc. c1961.
300 ## - PHYSICAL DESCRIPTION
Pagination 339 p. ;
Size 24 cm.
490 0# - SERIES STATEMENT
Series statement The Century psychology series
500 ## - GENERAL NOTE
General note Includes index.
650 #0 - SUBJECT ADDED ENTRY--TOPICAL TERM
Topical term or geographic name as entry element Projection (Psychology)
9 (RLIN) 196171
Topical term or geographic name as entry element Anthropology
General subdivision Methodology.
9 (RLIN) 196172
942 ## - ADDED ENTRY ELEMENTS (KOHA)
Source of classification or shelving scheme Dewey Decimal Classification
Koha item type Books
Holdings
Lost status Source of classification or shelving scheme Damaged status Not for loan Collection code Permanent Location Current Location Shelving location Date acquired Source of acquisition Cost, normal purchase price Total Checkouts Full call number Date last seen Copy number Koha item type
  Dewey Decimal Classification   Not For Loan Non-fiction Central Library, University of Rajshahi Central Library, University of Rajshahi Reading Room 08/10/1965 Zeitlinger 48.00   155.284 LIP 1961 15/03/2017 C-1 Books